| 000 | 00465cam a2200181ua 4500 | ||
|---|---|---|---|
| 020 | _c45.00 | ||
| 041 |
_aeng _h |
||
| 082 |
_a028.7202 _bDAT/GE |
||
| 100 | _aDatason, R.P . | ||
| 245 |
_aGeneral knowledge current affairs and who`s who / _cR.P Datason. _hTextual Documents |
||
| 250 |
_a113 / _b. |
||
| 260 |
_aNew Delhi : _bNew Light publishers , _c1996. |
||
| 300 | _a400 ; . | ||
| 365 | _a45.00 | ||
| 504 | _a | ||
| 942 | _cBK | ||
| 999 |
_c7035 _d7035 |
||